Crisis económica : (Registro nro. 5883)

Detalles MARC
000 -LEADER
fixed length control field 01280nam a2200289Ia 4500
003 - CONTROL NUMBER IDENTIFIER
control field OSt
005 - DATE AND TIME OF LATEST TRANSACTION
control field 20200728155459.0
008 - FIXED-LENGTH DATA ELEMENTS--GENERAL INFORMATION
fixed length control field 191128s2014 ck fr 000 0 spa d
020 ## - INTERNATIONAL STANDARD BOOK NUMBER
International Standard Book Number 9789587384536
040 ## - CATALOGING SOURCE
Original cataloging agency CO-JMCR
Transcribing agency CO-JMCR
041 0# - LANGUAGE CODE
Language code of text/sound track or separate title spa
082 04 - DEWEY DECIMAL CLASSIFICATION NUMBER
Classification number 341.481 /
Item number L792c
Edition number 23
100 1# - MAIN ENTRY--PERSONAL NAME
Personal name Lloredo Alix, Luis,
Relator term autor
9 (RLIN) 7994
245 10 - TITLE STATEMENT
Title Crisis económica :
Remainder of title la globalización y su impacto en los derechos humanos /
Statement of responsibility, etc. Luis Lloredo Alix, Laura Victoria García Matamoros, Silvina Ribotta, [y otros 6]
250 ## - EDITION STATEMENT
Edition statement Primera edición
260 ## - PUBLICATION, DISTRIBUTION, ETC.
Place of publication, distribution, etc. Bogotá :
Name of publisher, distributor, etc. Universidad del Rosario,
Date of publication, distribution, etc. 2014
300 ## - PHYSICAL DESCRIPTION
Extent 240 páginas :
Other physical details ilustraciones a blanco y negro ;
Dimensions 24 cm.
490 0# - SERIES STATEMENT
Series statement Colección Textos de Jurisprudencia
504 ## - BIBLIOGRAPHY, ETC. NOTE
Bibliography, etc. note Bibliografía: páginas 236-239
505 0# - FORMATTED CONTENTS NOTE
Formatted contents note "El pueblo es el acreedor universal": una critica democrática y social al paradigma neoconstitucionalista en el contexto de la globalización / Luis Lloredo Alix -- Una mirada del sistema multilateral de comercio en función del desarrollo
650 14 - SUBJECT ADDED ENTRY--TOPICAL TERM
Topical term or geographic name entry element Derechos Humanos
9 (RLIN) 7995
650 14 - SUBJECT ADDED ENTRY--TOPICAL TERM
Topical term or geographic name entry element Globalización
9 (RLIN) 7996
650 14 - SUBJECT ADDED ENTRY--TOPICAL TERM
Topical term or geographic name entry element Derechos civiles
9 (RLIN) 7997
700 1# - ADDED ENTRY--PERSONAL NAME
Personal name García Matamoros, Laura Victoria,
Relator term autor
9 (RLIN) 7998
700 1# - ADDED ENTRY--PERSONAL NAME
Personal name Ribotta, Silvana,
Relator term autor
9 (RLIN) 7999
942 ## - ADDED ENTRY ELEMENTS (KOHA)
Source of classification or shelving scheme Dewey Decimal Classification
Koha item type Books
Existencias
Withdrawn status Lost status Source of classification or shelving scheme Damaged status Not for loan Collection code Home library Current library Date acquired Source of acquisition Full call number Barcode Date last seen Copy number Koha item type
    Dewey Decimal Classification     Non-fiction Biblioteca Pública José María del Castillo y Rada Biblioteca Pública José María del Castillo y Rada 04/15/2018 Donación 341.481 / L792c 430006786 05/16/2024 Ej.1 Books